00909cam a22002778a 4500001000800000005001700008008004100025015001900066020003600085020003300121035001800154035001200172040002600184082001700210100002100227245007600248250006300324260004300387263001100430300002700441500006900468500002000537630003200557700002000589700002200609479685220200421093824.0111207s2012 cc a 001 0 eng|d aGBB1E27042bnb a9781449314286 (pbk.) :c£38.50 a1449314287 (pbk.) :c£38.50 a(Uk)015991775 a2644915 aStDuBDSbengcStDuBDS04a005.75652231 aSchwartz, Baron.10aHigh performance MySQL :boptimization, backups, replication, and more. a3rd ed. /bBaron Schwartz, Peter Zaitsev, Vadim Tkachenko. aBeijing ;aFarnham :bO'Reilly,c2012. a201204 a1 v. :bill. ;c24 cm. aPrevious ed.: published as by Baron Schwartz ... [et al.]. 2008. aIncludes index.00aMySQL (Electronic resource)1 aZaitsev, Peter.1 aTkachenko, Vadim.